000 00575nam a2200193Ia 4500
005 20250326143153.0
008 250326s9999 xx 000 0 und d
020 _a81-8052-019-6
037 _aTextbook
040 _aFMSL
_beng
_cFMSL
041 _aeng
_2eng
084 _aX.1 P3;1
_qFMSL
100 _aKragh Soren- Kjeldsen
_9747293
245 0 _aInternational economics:Trade and investment
_cKragh Soren- Kjeldsen
260 _aDenmark
_bDenmark, Copenhagen Business School
_c2003
300 _a413p
942 _cTB
_hX.1 P3;1
999 _c1298428
_d1298428